000 01300nam a2200445 a 4500
003 AR-BaBNM
005 20251128204202.0
008 082120s2002 ||||||||||||||000 | spa||
020 _a84-206-2114-5
040 _cAR-BaBNM
100 1 _aLenneberg, Eric H.
245 0 0 _aFundamentos biológicos del lenguaje
260 _aMadrid
_bAlianza Editorial
_c1985
300 _a537 p.
_bgráfs., il.
490 0 _aAlianza Universidad
_vv. 114
500 _aContiene dos apéndices por Noam Chomsky y Otto Marx
504 _aContiene bibliografía
650 4 _aEDUCACION ESPECIAL
650 4 _aPSICOLINGUISTICA
650 4 _aDIAGNOSTICO MEDICO
650 4 _aDESARROLLO DEL LENGUAJE
650 4 _aTRASTORNOS DEL HABLA
650 4 _aNEUROBIOLOGIA
650 4 _aSISTEMA NERVIOSO
650 4 _aPSICOFISIOLOGIA
650 4 _aDESARROLLO MOTOR
650 4 _aSISTEMAS SENSORIALES
650 4 _aCEREBRO
650 4 _aTRASTORNOS DEL HABLA
650 4 _aFONOLOGIA
650 4 _aDESARROLLO MENTAL
650 4 _aPSICOPATOLOGIA
650 4 _aDIFICULTADES EN EL APRENDIZAJE
650 4 _aPSICOTERAPIA
653 _aTRASTORNOS DEL LENGUAJE
700 1 _aSánchez Sáinz-Trápaga, Natividad
_etraductor
700 1 _aMontesinos, Antonio
_etraductor
942 _cBK
998 _cGrace
999 _c6517
_d6517